The Nile quest; (Record no. 552849)
[ view plain ]
| 000 -LEADER | |
|---|---|
| fixed length control field | 00601nam a2200145 4500 |
| 020 ## - INTERNATIONAL STANDARD BOOK NUMBER | |
| International Standard Book Number | 0403003784 |
| 082 00 - DEWEY DECIMAL CLASSIFICATION NUMBER | |
| Classification number | 962 |
| Author Mark | JOOH |
| -- | D |
| 100 1# - MAIN ENTRY--PERSONAL NAME | |
| Personal name | Johnston, Harry Hamilton, |
| 9 (RLIN) | 50107 |
| 245 14 - TITLE STATEMENT | |
| Title | The Nile quest; |
| Remainder of title | a record of the exploration of the Nile and its basin. |
| Statement of responsibility, etc. | With illus. from drawings and photos. by the author and others. With maps by J. G. Bartholomew. New York, F. A. Stokes Co. |
| 260 ## - PUBLICATION, DISTRIBUTION, ETC. | |
| Place of publication, distribution, etc. | Detroit, |
| Name of publisher, distributor, etc. | Negro History Press |
| Date of publication, distribution, etc. | [1970? c1903] |
| 300 ## - PHYSICAL DESCRIPTION | |
| Extent | xv, 341 p. |
| Other physical details | illus., facsims., maps, ports. |
| Dimensions | 22 cm. |
| 526 ## - STUDY PROGRAM INFORMATION NOTE | |
| Program name | 0 |
| Interest level | 0 |
| Reading level | 0 |
| Title point value | 962_000000000000000_JOOH |
| 650 ## - SUBJECT ADDED ENTRY--TOPICAL TERM | |
| Topical term or geographic name entry element | MCE |
| 9 (RLIN) | 379 |
| 942 ## - ADDED ENTRY ELEMENTS (KOHA) | |
| Source of classification or shelving scheme | |
| Koha item type | Book |
| Withdrawn status | Lost status | Source of classification or shelving scheme | Damaged status | Not for loan | Permanent Location | Current Location | Shelving location | Date acquired | Total Checkouts | Full call number | Barcode | Date last seen | Price effective from | Koha item type |
|---|---|---|---|---|---|---|---|---|---|---|---|---|---|---|
| Military College of Engineering (MCE) | Military College of Engineering (MCE) | 01/23/2015 | 962 JOOH | MCE-ECS/20 | 01/23/2015 | 01/23/2015 | Book |
